ბათუმის შოთა რუსთაველის სახელმწიფო უნივერსიტეტის ბიბლიოთეკა

Техника безапастности и противопожарная техника на дорожном строительстве. (ბიბ.ჩანაწერი № 46734)

000 -LEADER
fixed length control field 00891nam a2200217Ia 4500
001 - CONTROL NUMBER
control field 13578
003 - CONTROL NUMBER IDENTIFIER
control field GE_BSU
008 - FIXED-LENGTH DATA ELEMENTS--GENERAL INFORMATION
fixed length control field 181216s||||||||xx |||||||||||||| ||und||
040 ## - CATALOGING SOURCE
Transcribing agency GE_BSU
080 ## - UNIVERSAL DECIMAL CLASSIFICATION NUMBER
Universal Decimal Classification number 625.7/8(075.32)
100 ## - MAIN ENTRY--PERSONAL NAME
Personal name Мыльников,П.В. Егоров,В.П.
245 ## - TITLE STATEMENT
Title Техника безапастности и противопожарная техника на дорожном строительстве.
245 ## - TITLE STATEMENT
Remainder of title Учебное пособие.
250 ## - EDITION STATEMENT
Edition statement второе изд. переработанное и дополненное.
260 ## - PUBLICATION, DISTRIBUTION, ETC.
Place of publication, distribution, etc. М.
260 ## - PUBLICATION, DISTRIBUTION, ETC.
Name of publisher, distributor, etc. Транспорт.
260 ## - PUBLICATION, DISTRIBUTION, ETC.
Date of publication, distribution, etc. 1969.
300 ## - PHYSICAL DESCRIPTION
Extent 240 стр. 22см. с илл. Библиогр.: стр.236.
653 ## - INDEX TERM--UNCONTROLLED
Uncontrolled term Техника безапастности и противопожарная техника на дорожном строительстве.
942 ## - ADDED ENTRY ELEMENTS (KOHA)
Koha item type წიგნი
ეგზემპლარები
Withdrawn status Lost status Damaged status Not for loan Date acquired Barcode Date last seen Price effective from Koha item type
        2018-12-17 12107 2018-12-17 2018-12-17 წიგნი